[Event "COL-ch U20"]
[Site "Bogota"]
[Date "2025.01.30"]
[Round "2"]
[White "Galvis Cala, Miguel Angel"]
[Black "Jimenez Pirajan, Samuel Esteban"]
[Result "1-0"]
[WhiteElo "1704"]
[BlackElo "1565"]
[PlyCount "133"]
[EventDate "2025.01.29"]
[EventType "tourn"]
[EventRounds "9"]
[EventCountry "COL"]
[SourceTitle "CB06_2025"]
[SourceDate "2025.02.05"]
[SourceVersion "1"]
[SourceVersionDate "2025.02.05"]
[SourceQuality "1"]

1. d4 d5 2. c4 e6 3. Nf3 Nf6 4. g3 c5 5. cxd5 Nxd5 6. e4 Nf6 7. Nc3 cxd4 8. Qxd4 Qxd4 9. Nxd4 Bb4 10. Bd3 e5 11. Ndb5 Ba5 12. f4 Nc6 13. a3 a6 14. Nd6+ Ke7 15. Nc4 exf4 16. Nxa5 Nxa5 17. Bxf4 Rd8 18. Bc2 Nc6 19. 0-0 Nd4 20. Bd3 Bh3 21. e5 Ng4 22. Bg5+ f6 23. exf6+ gxf6 24. Rae1+ Kf7 25. Rf4 h6 26. Bxf6 Nxf6 27. Ne4 Bf5 28. Nxf6 Kxf6 29. Bxf5 Nxf5 30. Ref1 Rd5 31. g4 Rg8 32. Rxf5+ Rxf5 33. Rxf5+ Ke6 34. h3 Rd8 35. Rh5 Rd1+ 36. Kg2 Rd2+ 37. Kg3 Rxb2 38. Rxh6+ Kf7 39. Kf4 Kg7 40. g5 Rb3 41. h4 Rxa3 42. Rb6 Ra4+ 43. Kg3 Ra3+ 44. Kg4 Ra4+ 45. Kh5 Re4 46. Rxb7+ Kg8 47. g6 a5 48. Ra7 a4 49. Kg5 Rc4 50. h5 Rb4 51. Kh6 Rf4 52. Ra8+ Rf8 53. Rxf8+ Kxf8 54. Kh7 a3 55. g7+ Ke7 56. g8Q Kd6 57. Qb3 Ke5 58. Qxa3 Kf6 59. Qf8+ Kg5 60. Qg7+ Kh4 61. Kg8 Kxh5 62. Kf7 Kh4 63. Kf6 Kh3 64. Kf5 Kh2 65. Kf4 Kh1 66. Kf3 Kh2 67. Qg2# 1-0